000
00275nam a2200109Ia 4500
008
220204s9999 xx 000 0 und d
082
_a
82-3
_b
MAU
100
_a
Maurice, Rene Louis
245
4
_a
The Heist of the century
260
_a
Great Britain
_b
Fontana
_c
1978
942
_c
BK
999
_c
37427
_d
37427